Color naval
Guardado en:
| Hovedforfatter: | |
|---|---|
| Format: | Bog |
| Sprog: | Undetermined |
| Udgivet: |
Buenos Aires, Argentina
E.D.E.A.
1951
|
| Fag: | |
| Tags: |
Tilføj Tag
Ingen Tags, Vær først til at tagge denne postø!
|
MARC
| LEADER | 00000nam a2200000Ia 4500 | ||
|---|---|---|---|
| 008 | 170316s9999 xx 000 0 und d | ||
| 040 | |a cru BVZT | ||
| 090 | |a 860 F-5c | ||
| 100 | |a Fontana, Jaime | ||
| 245 | |a Color naval | ||
| 260 | |a Buenos Aires, Argentina | ||
| 260 | |b E.D.E.A. | ||
| 260 | |c 1951 | ||
| 300 | |a 58 páginas | ||
| 650 | |a LITERATURA LATINOAMERICANA | ||
| 999 | |c 8664 |d 8664 | ||
| 942 | |c 15 D |h 860 F-5c |2 z | ||
